000 00868nmc a2200313 a 4500
003 AR-BaBNM
005 20251128210501.0
008 080020s1998 ||||||||||||||000 | spa||
020 _a950-753-016-9
040 _cAR-BaBNM
100 1 _aQuiroga, Horacio
245 1 0 _aCrónicas del bosque
260 _aBuenos Aires
_bCántaro Editores
_c1998
300 _a135 p.
_bil.
490 0 _aColección Del Mirador
_vv. 109
500 _aContiene referencias bibliográficas
650 4 _aLITERATURA ARGENTINA
650 4 _aANTOLOGIAS
650 4 _aESCRITORES
650 4 _aLITERATURA CONTEMPORANEA
650 4 _aACTIVIDADES DE APRENDIZAJE
650 4 _aANALISIS LITERARIO
653 _aNARRATIVA
653 _aENSENANZA DE LA LITERATURA
655 _aLITERATURA
800 1 _aMarsimian de Agosti, Silvina
_edirector
942 _cBK
998 _cMARTIN
999 _c15630
_d15630